000 00605nam a2200145Ia 4500
008 090124s9999 xx 000 0 und d
082 _b401619
245 _a निखील ( आम्ही किशोर भारताचे कादं मालिका)
250 _a1
260 _bगोळे लीला
_c1979
300 _a83
630 _a निखील ( आम्ही किशोर भारताचे कादं मालिका)
730 _a निखील ( आम्ही किशोर भारताचे कादं मालिका)
942 _cBOOK
999 _c198003
_d198003